| 000 | 00818nas a2200241 a 4500 | ||
|---|---|---|---|
| 999 |
_c5540 _d5540 |
||
| 001 | 5540 | ||
| 003 | CDMR | ||
| 005 | 20181023105238.0 | ||
| 008 | 130626c1995 xxu ||p| |||| 00| 0 cat d | ||
| 022 | _a2013-3200 | ||
| 040 |
_aCDMR _bcat _cCDMR |
||
| 245 | 0 | 0 |
_aL'agenda de la imatge _cSindicat de la Imatge UPIFC |
| 260 |
_aBarcelona _bUnió de Professionals de la Imatge i Fotografia de Catalunya _c1995- |
||
| 300 |
_anúm. _bil. fot. _c24 cm. |
||
| 362 | _aNúm. 1 (juliol/agost 1995) - | ||
| 650 | 0 | 4 |
_93899 _aFotografia _vRevistes |
| 650 | 0 | 4 |
_91270 _aFotoperiodisme _vRevistes |
| 650 | 0 | 4 |
_93492 _aRelacions laborals _vRevistes |
| 650 | 0 | 4 |
_94580 _aButlletins d'informació |
| 710 | 2 |
_92834 _aUnió de Professionals de la Imatge i Fotografia de Catalunya |
|
| 770 | 0 |
_tSuplement de la imatge _w5579 |
|
| 856 |
_uhttp://upisindi.cat/cat/publicacions/lagenda-de-la-imatge/ _yDiponible al Portal |
||
| 942 |
_cSER _2udc |
||